| 000 | 00357nam a22001457a 4500 | ||
|---|---|---|---|
| 003 | LRUA | ||
| 005 | 20231106204114.0 | ||
| 008 | 231106b xxu||||| |||| 00| 0 eng d | ||
| 040 | _cFAO | ||
| 082 | _2FAO RAP 2003 C073 Or. | ||
| 245 | _aA HANDBOOK FOR TRAINERS ON PARTICIPAORY LOCAL DEVELOPMENT | ||
| 260 |
_bFAO _c2003 |
||
| 300 | _a165P | ||
| 942 |
_2ddc _cEK |
||
| 999 |
_c22119 _d22119 |
||